| 000 | 00934cam a2200205 4500 | ||
|---|---|---|---|
| 001 | L136557 | ||
| 008 | 070207n2007 000 0 eng u | ||
| 035 | _a(Sirsi) u136557 | ||
| 041 | 0 | _aeng | |
| 110 | 2 |
_aInvestment Property Forum _92112 |
|
| 245 | 0 | 0 |
_aUnderstanding commercial property _ba guide for financial advisers _h[electronic resource] |
| 260 |
_aLondon _bIPF _c2007 |
||
| 520 | _aDiscusses the types of property available and who the investors are, commercial property classes and how the property market works. Gives advice on how individuals can invest in commercial property and on what risks investors face. | ||
| 590 | _aKA | ||
| 650 | 2 | 4 | _aFINANCIAL SERVICES AND MARKETS ACT 2000 |
| 651 | 4 |
_aUnited Kingdom _y |
|
| 690 | _aPROPERTY-COMMERCIAL PROPERTY-COMMERCIAL PROPERTY FINANCE AND INVESTMENT | ||
| 856 | 4 | 0 |
_uhttps://www.ipf.org.uk/?page_id=115 _zView the item free of charge at www.ipf.org.uk... |
| 942 | _n0 | ||
| 999 |
_c106429 _d106429 |
||